| 000 | 00706nam a2200253Ia 4500 | ||
|---|---|---|---|
| 003 | OSt | ||
| 005 | 20221006140827.0 | ||
| 006 | a|||||r|||| 00| 0 | ||
| 007 | ta | ||
| 008 | 221006b |||||||| |||| 00| 0 eng d | ||
| 020 | _cP12.55 | ||
| 024 | _a731 | ||
| 037 |
_b45767, 15/02/2001, Nill _cTextual |
||
| 040 |
_aEASL _cEASL _beng |
||
| 041 |
_2eng _aeng |
||
| 082 | _aW6.41, PO | ||
| 100 |
_aZHAO Suisheng Ed. _9643543 |
||
| 245 | 0 |
_aChina and democracy _b The prospect for a democratic China |
|
| 260 |
_aLondon _bRoutledge |
||
| 300 |
_a280p. _ccm. |
||
| 490 | _v CEL | ||
| 942 |
_hW6.41, PO _cTEXL _2CC |
||
| 999 |
_c1068817 _d1068817 |
||